[Event "NZL-ch Rapid 131st"]
[Site "Palmerston North"]
[Date "2024.01.12"]
[Round "7.3"]
[White "Hart, Ralph"]
[Black "Liu, William Rui"]
[Result "1/2-1/2"]
[WhiteElo "2048"]
[BlackElo "1853"]
[PlyCount "90"]
[EventDate "2024.01.11"]
[EventType "swiss (rapid)"]
[EventRounds "9"]
[EventCountry "NZL"]
[SourceTitle "CB03_2024"]
[SourceDate "2024.01.17"]
[SourceVersion "1"]
[SourceVersionDate "2024.01.17"]
[SourceQuality "1"]

1. e4 c5 2. Nc3 Nc6 3. Bb5 g6 4. Bxc6 dxc6 5. d3 Bg7 6. Be3 b6 7. Qd2 e5 8. f4 exf4 9. Bxf4 Nf6 10. Nf3 0-0 11. Bh6 Nd7 12. Bxg7 Kxg7 13. 0-0 Qe7 14. Qf4 Re8 15. Rae1 f6 16. Re2 Ne5 17. Nxe5 Qxe5 18. h3 Be6 19. Ref2 Rf8 20. Qxe5 fxe5 21. Rxf8 Rxf8 22. Rxf8 Kxf8 23. h4 Kf7 24. Kf2 Kf6 25. Kf3 g5 26. Kg3 c4 27. a3 cxd3 28. cxd3 Bb3 29. hxg5+ Kxg5 30. Kf3 Kh4 31. Ne2 Bd1 32. Ke3 Bxe2 33. Kxe2 Kg4 34. Kf2 c5 35. a4 h6 36. g3 h5 37. Kg2 a6 38. b3 a5 39. Kf2 h4 40. gxh4 Kxh4 41. Kg2 Kg4 42. Kf2 Kf4 43. Ke2 Kg4 44. Kf2 Kf4 45. Ke2 Kg4 1/2-1/2

[Event "Asian-ch Seniors 50"]
[Site "Auckland"]
[Date "2022.10.18"]
[Round "6"]
[White "Hart, Ralph"]
[Black "Fulo, Nunilon III"]
[Result "1/2-1/2"]
[WhiteElo "2061"]
[BlackElo "2019"]
[PlyCount "43"]
[EventDate "2022.10.15"]
[EventType "swiss"]
[EventRounds "9"]
[EventCountry "NZL"]
[SourceTitle "EXT 2024"]
[Source "ChessBase"]
[SourceDate "2023.10.10"]
[SourceVersion "1"]
[SourceVersionDate "2023.10.10"]
[SourceQuality "1"]

1. d4 Nf6 2. Bg5 Ne4 3. Bf4 d5 4. Nd2 Nf6 5. e3 e6 6. Bd3 c5 7. Ngf3 Nc6 8. c3 cxd4 9. exd4 Nh5 10. Be3 Bd6 11. Ne5 g6 12. Ndf3 f6 13. Nxc6 bxc6 14. Qd2 Qc7 15. c4 Nf4 16. Bxf4 Bxf4 17. Qc2 Qa5+ 18. Ke2 Kf7 19. Rhe1 Rb8 20. Kf1 Re8 21. Kg1 Bd7 22. Re2 1/2-1/2

[Event "Auckland Stuart Memorial op"]
[Site "Auckland"]
[Date "2022.06.26"]
[Round "6"]
[White "Hart, Ralph"]
[Black "McLaren, Leonard"]
[Result "1/2-1/2"]
[WhiteElo "2142"]
[BlackElo "2116"]
[PlyCount "36"]
[EventDate "2022.06.24"]
[EventType "swiss"]
[EventRounds "6"]
[EventCountry "NZL"]
[SourceTitle "EXT 2024"]
[Source "ChessBase"]
[SourceDate "2023.10.10"]
[SourceVersion "1"]
[SourceVersionDate "2023.10.10"]
[SourceQuality "1"]

1. e4 c5 2. Nc3 a6 3. g4 Nc6 4. Nge2 d6 5. Ng3 g6 6. d3 Bg7 7. Bg2 e5 8. h4 h6 9. Be3 Nge7 10. Nd5 Nxd5 11. exd5 Ne7 12. Be4 Bd7 13. g5 hxg5 14. hxg5 Rxh1+ 15. Bxh1 Qb6 16. Rb1 Qb4+ 17. c3 Qh4 18. Kd2 Nf5 1/2-1/2

[Event "Henderson Trusts op-A 44th"]
[Site "Henderson"]
[Date "2022.06.05"]
[Round "3"]
[White "Hart, Ralph"]
[Black "Ha, Huy Minh"]
[Result "1-0"]
[WhiteElo "2142"]
[BlackElo "1643"]
[PlyCount "109"]
[EventDate "2022.06.04"]
[EventType "swiss"]
[EventRounds "6"]
[EventCountry "NZL"]
[SourceTitle "EXT 2024"]
[Source "ChessBase"]
[SourceDate "2023.10.10"]
[SourceVersion "1"]
[SourceVersionDate "2023.10.10"]
[SourceQuality "1"]

1. e4 c6 2. d4 d5 3. Nc3 dxe4 4. Bc4 Nf6 5. f3 exf3 6. Nxf3 Bf5 7. Ne5 e6 8. 0-0 Bg6 9. Bf4 Nbd7 10. Qe2 Nb6 11. Bb3 Be7 12. Rad1 0-0 13. Nxg6 hxg6 14. Be5 Nbd5 15. Rf3 Bd6 16. Ne4 Nxe4 17. Qxe4 Nf6 18. Qe2 Qe7 19. Rh3 Rfd8 20. c3 Bxe5 21. Qxe5 Qd6 22. Qg5 Kf8 23. Re1 Ke7 24. Rf3 Rh8 25. h3 Rh5 26. Qd2 Rf5 27. Rfe3 Nd5 28. Re4 Kd7 29. Bc2 Nf4 30. Bd1 Rh8 31. Bg4 Rf6 32. c4 Kc7 33. c5 Nxh3+ 34. Bxh3 Qd5 35. Rf4 Qd8 36. Qa5+ Kb8 37. Qxd8+ Rxd8 38. Rfe4 Kc7 39. a3 g5 40. Rf1 Rxf1+ 41. Kxf1 Kd7 42. g4 Ke7 43. Ke2 g6 44. Kd3 Rh8 45. Re3 Kd7 46. b4 f5 47. a4 a6 48. Kc4 f4 49. Rf3 e5 50. dxe5 Ke6 51. Rb3 Kxe5 52. Bg2 Rh2 53. Bf3 Ra2 54. Rb1 Rxa4 55. Kb3 1-0

[Event "NZL-ch Rapid"]
[Site "Palmerston North"]
[Date "2021.01.12"]
[Round "7"]
[White "Hart, Ralph"]
[Black "Xie, Felix"]
[Result "1/2-1/2"]
[WhiteElo "2148"]
[BlackElo "1829"]
[PlyCount "35"]
[EventDate "2021.01.11"]
[EventType "swiss (rapid)"]
[EventRounds "9"]
[EventCountry "NZL"]
[SourceTitle "EXT 2024"]
[Source "ChessBase"]
[SourceDate "2023.10.10"]
[SourceVersion "1"]
[SourceVersionDate "2023.10.10"]
[SourceQuality "1"]

1. e4 e6 2. d4 d5 3. exd5 exd5 4. Bd3 Bd6 5. Nf3 Ne7 6. 0-0 0-0 7. Re1 Bf5 8. Nc3 Bg6 9. Ne5 Nd7 10. Bf4 Nf6 11. Nb5 Nc8 12. Nxd6 Nxd6 13. Nxg6 hxg6 14. Bg5 Qd7 15. Bxf6 gxf6 16. Qf3 Ne8 17. Re3 Qd6 18. c3 1/2-1/2

[Event "NZL-ch Rapid"]
[Site "Palmerston North"]
[Date "2021.01.12"]
[Round "8"]
[White "Ker, Anthony F"]
[Black "Hart, Ralph"]
[Result "1/2-1/2"]
[WhiteElo "2341"]
[BlackElo "2148"]
[PlyCount "110"]
[EventDate "2021.01.11"]
[EventType "swiss (rapid)"]
[EventRounds "9"]
[EventCountry "NZL"]
[SourceTitle "EXT 2024"]
[Source "ChessBase"]
[SourceDate "2023.10.10"]
[SourceVersion "1"]
[SourceVersionDate "2023.10.10"]
[SourceQuality "1"]

1. e4 e6 2. d4 d5 3. Nc3 Nf6 4. Bg5 Bb4 5. exd5 Qxd5 6. Bxf6 Bxc3+ 7. bxc3 gxf6 8. Nf3 b6 9. c4 Qa5+ 10. Qd2 Qxd2+ 11. Kxd2 Bb7 12. Ke3 Nc6 13. c3 0-0-0 14. Bd3 Na5 15. Rhg1 Ba6 16. Nd2 c5 17. Rgd1 Kd7 18. dxc5 bxc5 19. Nb3 Nb7 20. Bxh7+ Ke7 21. Rxd8 Kxd8 22. Be4 Rxh2 23. g3 Kc8 24. Bxb7+ Bxb7 25. Nxc5 Rh5 26. Nxb7 Kxb7 27. Rb1+ Kc7 28. Rb5 Rh1 29. Rc5+ Kb7 30. Rb5+ Kc7 31. c5 Re1+ 32. Kd2 Rf1 33. Ke2 Rc1 34. Kd3 Rf1 35. Ke2 Rc1 36. Kd2 Rf1 37. Ra5 Rxf2+ 38. Ke3 Rg2 39. Rxa7+ Kc6 40. Kf3 Rc2 41. Rxf7 Rxc3+ 42. Kf4 Rc4+ 43. Kf3 f5 44. Rf8 Kd7 45. Rf7+ Kc6 46. Re7 Kd5 47. Rd7+ Ke5 48. Rc7 Rc3+ 49. Kf2 Kd5 50. c6 Rxc6 51. Ra7 Ke4 52. Ra4+ Ke5 53. Ra5+ Ke4 54. Ra4+ Ke5 55. Ra5+ Ke4 1/2-1/2

[Event "NZL-ch rapid op"]
[Site "Auckland"]
[Date "2019.01.24"]
[Round "8"]
[White "Hart, Ralph"]
[Black "Goormachtigh, Laurens"]
[Result "1-0"]
[WhiteElo "2125"]
[BlackElo "1675"]
[PlyCount "101"]
[EventDate "2019.01.23"]
[EventType "swiss (rapid)"]
[EventRounds "9"]
[EventCountry "NZL"]
[SourceTitle "CBM 189 Extra"]
[Source "ChessBase"]
[SourceDate "2019.06.03"]
[SourceVersion "1"]
[SourceVersionDate "2019.06.03"]
[SourceQuality "1"]

1. e4 e5 2. Nf3 Nc6 3. Nc3 Nf6 4. Bb5 Bb4 5. 0-0 d6 6. Nd5 Bc5 7. d4 exd4 8. Bg5 a6 9. Bxc6+ bxc6 10. Nxf6+ gxf6 11. Bh4 Bg4 12. h3 Bh5 13. Qd3 Qe7 14. Nxd4 Bxd4 15. Qxd4 Qe5 16. Bxf6 Qxd4 17. Bxd4 Rg8 18. Rfe1 Bf3 19. g3 Rb8 20. Kh2 Kd7 21. Re3 Bh5 22. g4 Bg6 23. f4 Rb4 24. Rd1 c5 25. Bxc5 Rxb2 26. Rd2 h6 27. f5 Bh7 28. e5 Kc6 29. Ba3 Rxa2 30. exd6 cxd6 31. Rc3+ Kb7 32. Rxd6 Re8 33. Rd7+ Kb6 34. Rxf7 Re2+ 35. Kg3 Bg8 36. Rf6+ Kb7 37. Rxh6 Rexc2 38. Re3 Rg2+ 39. Kh4 Rgc2 40. Bd6 Rc6 41. Re7+ Kb6 42. Bc7+ Kb5 43. Rxc6 Kxc6 44. f6 Rf2 45. g5 a5 46. Bxa5 Rf4+ 47. Kg3 Ra4 48. Bd2 Ra3+ 49. Kg4 Ra4+ 50. Bf4 Kd5 51. f7 1-0

[Event "NZL-ch rapid op"]
[Site "Auckland"]
[Date "2019.01.24"]
[Round "9"]
[White "Notley, David G"]
[Black "Hart, Ralph"]
[Result "0-1"]
[WhiteElo "1993"]
[BlackElo "2125"]
[PlyCount "94"]
[EventDate "2019.01.23"]
[EventType "swiss (rapid)"]
[EventRounds "9"]
[EventCountry "NZL"]
[SourceTitle "CBM 189 Extra"]
[Source "ChessBase"]
[SourceDate "2019.06.03"]
[SourceVersion "1"]
[SourceVersionDate "2019.06.03"]
[SourceQuality "1"]

1. c4 e5 2. g3 d6 3. Bg2 g6 4. Nc3 Bg7 5. d3 c5 6. Rb1 Nc6 7. a3 Nge7 8. Nf3 Rb8 9. b4 b6 10. Bg5 f6 11. Bd2 0-0 12. 0-0 Be6 13. Ne1 Qd7 14. Nc2 f5 15. Ne3 f4 16. Ned5 Bh3 17. Nxe7+ Nxe7 18. bxc5 Bxg2 19. Kxg2 dxc5 20. Ne4 Nf5 21. Bc3 Qc6 22. Kg1 Rb7 23. a4 Nd6 24. Nxd6 Qxd6 25. a5 g5 26. axb6 axb6 27. Kg2 Qe6 28. f3 h5 29. Rb2 Qc6 30. Qb3 g4 31. Qb5 Qg6 32. Qa6 Rff7 33. Qa8+ Kh7 34. Qc8 Rbe7 35. Qd8 e4 36. Bxg7 gxf3+ 37. exf3 Rxg7 38. Rxb6 Qg5 39. dxe4 fxg3 40. h3 Qf4 41. Rd6 Rxe4 42. Rd2 Rd4 43. Rxd4 cxd4 44. Rd1 Qe3 45. Qxd4 Qe2+ 46. Kg1 Qh2+ 47. Kf1 g2+ 0-1

[Event "NZL-ch rapid op"]
[Site "Auckland"]
[Date "2019.01.23"]
[Round "3"]
[White "Hart, Ralph"]
[Black "Wohl, Aleksandar H"]
[Result "1-0"]
[WhiteElo "2125"]
[BlackElo "2335"]
[PlyCount "65"]
[EventDate "2019.01.23"]
[EventType "swiss (rapid)"]
[EventRounds "9"]
[EventCountry "NZL"]
[SourceTitle "CBM 189 Extra"]
[Source "ChessBase"]
[SourceDate "2019.06.03"]
[SourceVersion "1"]
[SourceVersionDate "2019.06.03"]
[SourceQuality "1"]

1. e4 Nf6 2. Nc3 g6 3. d4 d5 4. e5 Nh5 5. Nge2 c6 6. h3 Na6 7. Be3 f6 8. Qd2 b5 9. Nf4 Nxf4 10. Bxf4 Bg7 11. Be2 Nc7 12. Bh6 Bxh6 13. Qxh6 Ne6 14. Qe3 Kf7 15. Bg4 f5 16. Bf3 b4 17. Ne2 Qb6 18. 0-0 Ba6 19. Rfd1 Bxe2 20. Bxe2 h5 21. c4 bxc3 22. bxc3 Rab8 23. c4 Qb2 24. Rac1 f4 25. Qd3 dxc4 26. Qe4 Kg7 27. Bxc4 Ng5 28. Qxf4 Nh7 29. Qf7+ Kh6 30. Bd3 Rhg8 31. Rxc6 Nf6 32. exf6 Rbf8 33. Qxe7 1-0

[Event "George Trundle Qualifiers"]
[Site "Auckland"]
[Date "2019.01.11"]
[Round "9"]
[White "Hart, Ralph"]
[Black "Duneas, John"]
[Result "1/2-1/2"]
[WhiteElo "2174"]
[BlackElo "2044"]
[PlyCount "156"]
[EventDate "2019.01.04"]
[EventType "tourn"]
[EventRounds "9"]
[EventCountry "NZL"]
[SourceTitle "CBM 189 Extra"]
[Source "ChessBase"]
[SourceDate "2019.06.03"]
[SourceVersion "1"]
[SourceVersionDate "2019.06.03"]
[SourceQuality "1"]

1. c4 Nf6 2. Nc3 e5 3. Nf3 Nc6 4. e3 d6 5. d4 exd4 6. exd4 Be7 7. h3 Bf5 8. d5 Ne5 9. Nd4 Bg6 10. f4 Nh5 11. Qa4+ Nd7 12. f5 Bh4+ 13. Kd1 Ng3 14. fxg6 Nxh1 15. gxf7+ Kxf7 16. Ne6 Qe7 17. Ne4 Nc5 18. N4xc5 dxc5 19. Be3 b6 20. Kc2 Rhc8 21. Bd3 Ng3 22. Bxh7 g6 23. Re1 c6 24. Nf4 Qe4+ 25. Kc1 Nf5 26. Bxg6+ Kf6 27. g3 b5 28. Bxf5 Qxf5 29. cxb5 cxb5 30. Qc2 Qxc2+ 31. Kxc2 Bg5 32. Ne6 Bxe3 33. Rxe3 Kf7 34. d6 Re8 35. Ng5+ Kf6 36. Rxe8 Rxe8 37. d7 Rg8 38. Ne4+ Ke7 39. h4 Rg7 40. h5 Kxd7 41. g4 Ke6 42. Nxc5+ Kd5 43. Nd3 Rxg4 44. Kb3 a5 45. a3 Kd4 46. Nc1 Rh4 47. Ne2+ Kc5 48. Nc3 Rxh5 49. Ne4+ Kd4 50. Nc3 Rh3 51. Kc2 Rh2+ 52. Kb3 a4+ 53. Ka2 Kc4 54. Ne4 Kd3 55. Nc3 Rh5 56. Kb1 Rc5 57. Na2 Kc4 58. Nc3 Kd3 59. Na2 Rc4 60. Nc1+ Kd2 61. Na2 Kd1 62. Nb4 Rxb4 63. axb4 Kd2 64. Ka2 Kc2 65. Ka3 Kd2 66. b3 axb3 67. Kxb3 Kd3 68. Kb2 Kc4 69. Ka3 Kc3 70. Ka2 Kxb4 71. Kb2 Ka4 72. Ka2 b4 73. Kb2 b3 74. Kb1 Kb4 75. Kb2 Kc4 76. Kb1 Kc3 77. Kc1 b2+ 78. Kb1 Kb3 1/2-1/2

[Event "George Trundle Qualifiers"]
[Site "Auckland"]
[Date "2019.01.06"]
[Round "4"]
[White "Jule, Alexandra"]
[Black "Hart, Ralph"]
[Result "1-0"]
[WhiteElo "2003"]
[BlackElo "2174"]
[PlyCount "53"]
[EventDate "2019.01.04"]
[EventType "tourn"]
[EventRounds "9"]
[EventCountry "NZL"]
[SourceTitle "CBM 189 Extra"]
[Source "ChessBase"]
[SourceDate "2019.06.03"]
[SourceVersion "1"]
[SourceVersionDate "2019.06.03"]
[SourceQuality "1"]

1. d4 g6 2. Bf4 Bg7 3. c3 Nf6 4. Nf3 0-0 5. Nbd2 d6 6. h3 c5 7. e3 Nc6 8. a4 cxd4 9. cxd4 Nd5 10. Bh2 e5 11. Bc4 Nb6 12. dxe5 dxe5 13. Bb5 Qe7 14. a5 e4 15. Bxc6 bxc6 16. axb6 exf3 17. Qxf3 Bxb2 18. Ra2 Bc3 19. 0-0 Be6 20. Rc2 Bxd2 21. Rxd2 Qb4 22. Rd4 Qc5 23. b7 Rae8 24. Bd6 Qc3 25. Qf4 c5 26. Bxf8 Qb3 27. Bxc5 1-0

[Event "Auckland North Shore op 45th"]
[Site "Auckland"]
[Date "2018.08.26"]
[Round "4"]
[White "Hart, Ralph"]
[Black "Capel, Evan Timothy"]
[Result "0-1"]
[WhiteElo "2176"]
[BlackElo "2135"]
[PlyCount "144"]
[EventDate "2018.08.25"]
[EventType "swiss"]
[EventRounds "5"]
[EventCountry "NZL"]
[SourceTitle "EXT 2021"]
[Source "ChessBase"]
[SourceDate "2020.10.23"]
[SourceVersion "1"]
[SourceVersionDate "2020.10.23"]
[SourceQuality "1"]

1. e4 d5 2. exd5 Qxd5 3. Nc3 Qa5 4. g3 Nf6 5. Bg2 Bg4 6. Nge2 c6 7. h3 Bh5 8. 0-0 e6 9. d3 Be7 10. Rb1 0-0 11. g4 Bg6 12. f4 h6 13. Qe1 Qc7 14. Ng3 Re8 15. Qf2 Nbd7 16. Kh1 Bc5 17. Qf3 Rad8 18. Bd2 Nf8 19. Rbe1 Bh7 20. f5 Bd4 21. fxe6 Rxe6 22. Nf5 Bxf5 23. gxf5 Rxe1 24. Rxe1 Kh8 25. Nd1 Re8 26. c3 Rxe1+ 27. Bxe1 Be5 28. Ne3 N8h7 29. Ng4 Bd6 30. Bf2 Qa5 31. a3 Qb5 32. Nxf6 Nxf6 33. Qe2 Qxf5 34. Bxa7 Qf4 35. Kg1 Qh2+ 36. Kf1 Qf4+ 37. Bf2 Qc1+ 38. Be1 Bf4 39. Kf2 g6 40. Bf3 Bg5 41. Kg2 Be3 42. Bf2 Bxf2 43. Qxf2 Qg5+ 44. Kf1 Nh7 45. Ke2 Qc1 46. Qd4+ Kg8 47. Qb4 Ng5 48. Qxb7 Kg7 49. Bxc6 Nxh3 50. Qc7 Qxb2+ 51. Kf3 Qxc3 52. Qd6 Ng5+ 53. Ke3 Ne6 54. a4 Qe1+ 55. Kf3 g5 56. Be4 Qd1+ 57. Kg3 Qg1+ 58. Bg2 Qe3+ 59. Kh2 Nf4 60. a5 Ne2 61. a6 Qg1+ 62. Kh3 Nf4+ 63. Kg4 Qxg2+ 64. Kf5 Qh3+ 65. Ke4 Ne6 66. Qe5+ Kg6 67. d4 Qh1+ 68. Kd3 Qf1+ 69. Ke4 Qxa6 70. Qf5+ Kg7 71. Ke5 Qe2+ 72. Kd5 Qb5+ 0-1

[Event "Auckland Trusts op 41st"]
[Site "Auckland"]
[Date "2018.06.04"]
[Round "5"]
[White "Hart, Ralph"]
[Black "McLaren, Leonard"]
[Result "1/2-1/2"]
[WhiteElo "2269"]
[BlackElo "2321"]
[PlyCount "122"]
[EventDate "2018.06.02"]
[EventType "swiss"]
[EventRounds "6"]
[EventCountry "NZL"]
[SourceTitle "EXT 2019"]
[Source "ChessBase"]
[SourceDate "2018.10.10"]
[SourceVersion "1"]
[SourceVersionDate "2018.10.10"]
[SourceQuality "1"]

1. d4 Nf6 2. c4 e6 3. Nf3 b6 4. a3 Ba6 5. Qc2 d5 6. cxd5 exd5 7. Bg5 Be7 8. Nbd2 0-0 9. Rc1 Nbd7 10. Qa4 Bb7 11. e3 c5 12. Ba6 Bxa6 13. Qxa6 c4 14. 0-0 h6 15. Bh4 Qc8 16. Qxc8 Rfxc8 17. Ne5 g5 18. Bg3 Nxe5 19. Bxe5 Nd7 20. e4 Nxe5 21. dxe5 c3 22. bxc3 dxe4 23. Nxe4 Bxa3 24. Rb1 Kg7 25. Rb3 Be7 26. h4 Rc4 27. f3 a5 28. hxg5 hxg5 29. Nd6 Rc6 30. Rd1 a4 31. Ra3 Kf8 32. g3 b5 33. Rd5 Rb8 34. Ra2 Rxc3 35. Nxb5 Rc5 36. Rxc5 Bxc5+ 37. Kg2 Rxb5 38. Rxa4 Rb4 39. Ra8+ Ke7 40. Rg8 Be3 41. Ra8 Rc4 42. Kh3 Rc5 43. Kg4 Rxe5 44. Ra6 f5+ 45. Kh5 Re6 46. Ra5 Kf6 47. g4 fxg4 48. fxg4 Kg7 49. Ra6 Bb6 50. Ra8 Be3 51. Ra6 Kf6 52. Ra5 Re5 53. Ra6+ Ke7 54. Rc6 Bf4 55. Ra6 Re2 56. Rb6 Re6 57. Rb5 Kd6 58. Rb6+ Kd5 59. Rb5+ Ke4 60. Rb6 Re8 61. Re6+ Rxe6 1/2-1/2

[Event "Auckland Trusts op 41st"]
[Site "Auckland"]
[Date "2018.06.03"]
[Round "3"]
[White "Hart, Ralph"]
[Black "Smith, Robert Wayne"]
[Result "0-1"]
[WhiteElo "2269"]
[BlackElo "2318"]
[PlyCount "116"]
[EventDate "2018.06.02"]
[EventType "swiss"]
[EventRounds "6"]
[EventCountry "NZL"]
[SourceTitle "EXT 2019"]
[Source "ChessBase"]
[SourceDate "2018.10.10"]
[SourceVersion "1"]
[SourceVersionDate "2018.10.10"]
[SourceQuality "1"]

1. e4 c5 2. Nc3 a6 3. g3 Nc6 4. Bg2 g6 5. f4 Bg7 6. Nf3 d6 7. 0-0 e6 8. d3 Nge7 9. Be3 Nd4 10. Qd2 0-0 11. Rae1 Rb8 12. g4 d5 13. Bf2 b5 14. e5 b4 15. Ne2 Nxe2+ 16. Rxe2 d4 17. Ng5 Bb7 18. Ne4 Qc7 19. Nf6+ Kh8 20. Bg3 Bxg2 21. Rxg2 Qc6 22. Bh4 Nd5 23. Rf3 Bxf6 24. exf6 Ne3 25. Rgg3 c4 26. Rxe3 c3 27. Qg2 Qxg2+ 28. Kxg2 dxe3 29. b3 a5 30. Rxe3 Ra8 31. Re4 Rfb8 32. Bg3 a4 33. f5 axb3 34. axb3 exf5 35. gxf5 gxf5 36. Re7 Rf8 37. Bf4 Ra2 38. Bh6 Rxc2+ 39. Kh3 Rd8 40. Rxf7 Rxd3+ 41. Kh4 Rxh2+ 42. Kg5 Rd8 43. Rc7 f4 44. f7 Rxh6 45. Kxh6 Rd6+ 46. Kg5 Kg7 47. Kxf4 Rf6+ 48. Ke5 Rxf7 49. Rc4 Rb7 50. Kd6 h5 51. Kc6 Rb8 52. Kc7 Rh8 53. Rxb4 h4 54. Rg4+ Kf6 55. b4 h3 56. Rg1 h2 57. Rh1 Kf5 58. b5 Kg4 0-1

[Event "NZL-ch op rapid"]
[Site "Palmerston North"]
[Date "2018.01.10"]
[Round "1"]
[White "Hart, Ralph"]
[Black "He, Caleb"]
[Result "1-0"]
[WhiteElo "2114"]
[BlackElo "1463"]
[PlyCount "77"]
[EventDate "2018.01.10"]
[EventType "swiss (rapid)"]
[EventRounds "9"]
[EventCountry "NZL"]
[SourceTitle "EXT 2019"]
[Source "ChessBase"]
[SourceDate "2018.10.10"]
[SourceVersion "1"]
[SourceVersionDate "2018.10.10"]
[SourceQuality "1"]

1. e4 c5 2. Nc3 Nc6 3. Bb5 g6 4. Bxc6 bxc6 5. d3 Bg7 6. f4 e6 7. Nf3 d6 8. 0-0 Ne7 9. Qe1 0-0 10. e5 d5 11. Na4 c4 12. d4 Bd7 13. Bd2 a5 14. b3 cxb3 15. axb3 Qc7 16. Nc5 Rfb8 17. Bxa5 Qc8 18. Qd2 Rb5 19. Bb4 Bf8 20. Rxa8 Qxa8 21. Nxd7 Bg7 22. Bxe7 Rb7 23. Nf6+ Kh8 24. Bc5 Qd8 25. Ra1 Rb8 26. Ng5 Rb7 27. Qa5 Bxf6 28. Qxd8+ Bxd8 29. Ra8 Rd7 30. Rxd8+ Rxd8 31. Nxf7+ Kg7 32. Nxd8 Kh6 33. Nxe6 Kh5 34. h3 Kh4 35. Kh2 g5 36. Nxg5 h6 37. g4 hxg5 38. Be7 c5 39. Bxg5# 1-0

[Event "NZL-ch op rapid"]
[Site "Palmerston North"]
[Date "2018.01.10"]
[Round "5"]
[White "Hart, Ralph"]
[Black "Picken, Oliver"]
[Result "1-0"]
[WhiteElo "2114"]
[BlackElo "1899"]
[PlyCount "49"]
[EventDate "2018.01.10"]
[EventType "swiss (rapid)"]
[EventRounds "9"]
[EventCountry "NZL"]
[SourceTitle "EXT 2019"]
[Source "ChessBase"]
[SourceDate "2018.10.10"]
[SourceVersion "1"]
[SourceVersionDate "2018.10.10"]
[SourceQuality "1"]

1. e4 c5 2. Nc3 a6 3. g3 b5 4. Bg2 Bb7 5. f4 e6 6. Nh3 Ne7 7. 0-0 d5 8. f5 d4 9. fxe6 f6 10. Nd5 Nxd5 11. exd5 Bxd5 12. Qh5+ g6 13. Qxd5 Qxd5 14. Bxd5 Ra7 15. Rxf6 Bg7 16. Rf7 Rxf7 17. exf7+ Ke7 18. d3 Kd6 19. Bg2 Rf8 20. Bf4+ Ke7 21. Re1+ Kxf7 22. Ng5+ Kg8 23. Bd5+ Kh8 24. Re7 Bf6 25. Rxh7# 1-0

[Event "Auckland North Shore op 42nd"]
[Site "Auckland"]
[Date "2015.09.19"]
[Round "2"]
[White "Gong, Daniel Hanwen"]
[Black "Hart, Ralph"]
[Result "1-0"]
[WhiteElo "1959"]
[BlackElo "2168"]
[PlyCount "39"]
[EventDate "2015.09.19"]
[EventType "swiss"]
[EventRounds "5"]
[EventCountry "NZL"]
[SourceTitle "EXT 2016"]
[Source "ChessBase"]
[SourceDate "2015.10.08"]
[SourceVersion "1"]
[SourceVersionDate "2015.10.08"]
[SourceQuality "1"]

1. c4 b6 2. Nc3 Bb7 3. d4 e6 4. e4 Bb4 5. Bd3 Nc6 6. Nge2 Bxc3+ 7. bxc3 d6 8. 0-0 Nge7 9. f4 f5 10. d5 fxe4 11. Bxe4 Na5 12. Nd4 exd5 13. Ne6 dxe4 14. Nxd8 Rxd8 15. f5 Rd7 16. Qh5+ Kd8 17. f6 gxf6 18. Rxf6 Nxc4 19. Qxh7 Rg8 20. Qf7 1-0

[Event "Auckland North Shore op 41st"]
[Site "Auckland"]
[Date "2014.09.06"]
[Round "1"]
[White "Hart, Ralph"]
[Black "Zhang, William Jie Wen"]
[Result "0-1"]
[WhiteElo "2210"]
[BlackElo "1843"]
[PlyCount "86"]
[EventDate "2014.09.06"]
[EventType "swiss"]
[EventRounds "5"]
[EventCountry "NZL"]
[SourceTitle "CBM 162 Extra"]
[Source "ChessBase"]
[SourceDate "2014.10.17"]
[SourceVersion "1"]
[SourceVersionDate "2014.10.17"]
[SourceQuality "1"]

1. d4 e6 2. c4 f5 3. g3 Nf6 4. Bg2 Be7 5. Nc3 0-0 6. Nh3 d6 7. 0-0 e5 8. e3 Qe8 9. f4 e4 10. b4 c6 11. d5 Na6 12. Rb1 Nc7 13. Qb3 Kh8 14. Rd1 Bd7 15. Nf2 cxd5 16. cxd5 Nb5 17. Ne2 Rc8 18. Bd2 Nc7 19. Nc3 Nb5 20. Ne2 Nc7 21. Nc3 Nb5 22. Ne2 Nc7 23. Nc3 Nb5 24. Rbc1 Nxc3 25. Rxc3 Rxc3 26. Qxc3 Nxd5 27. Qd4 Nb6 28. g4 d5 29. g5 Qf7 30. Rc1 Nc4 31. Rxc4 dxc4 32. Qxd7 Rd8 33. Qxb7 Rxd2 34. Bf1 c3 35. Qc8+ Qf8 36. Qxc3 Bxb4 37. Qb3 Qd6 38. Qf7 Bc5 39. Qb3 Bb6 40. Bb5 Rxf2 41. Qf7 Qd1+ 42. Kxf2 Qf3+ 43. Ke1 Ba5# 0-1